El sentido común en la economía (Registro nro. 6739)
[ vista simple ]
| 000 -LEADER | |
|---|---|
| fixed length control field | 01557nam a2200385Ia 4500 |
| 003 - CONTROL NUMBER IDENTIFIER | |
| control field | OSt |
| 005 - DATE AND TIME OF LATEST TRANSACTION | |
| control field | 20200703141931.0 |
| 008 - FIXED-LENGTH DATA ELEMENTS--GENERAL INFORMATION | |
| fixed length control field | 130821s2012 ck ad gr spa |
| 040 ## - CATALOGING SOURCE | |
| Original cataloging agency | Co-BoUCM |
| Language of cataloging | spa |
| Transcribing agency | CO-JMCR |
| 041 0# - LANGUAGE CODE | |
| Language code of text/sound track or separate title | spa |
| 082 04 - DEWEY DECIMAL CLASSIFICATION NUMBER | |
| Edition number | 23 |
| Classification number | 330.9861 |
| Item number | E182s |
| 100 1# - MAIN ENTRY--PERSONAL NAME | |
| Personal name | Echavarría Olz̤aga, Hernán |
| Dates associated with a name | 1911-2006. |
| Relator term | autor |
| 9 (RLIN) | 6649 |
| 245 13 - TITLE STATEMENT | |
| Title | El sentido común en la economía |
| Statement of responsibility, etc. | Hernán Echavarría Olozaga |
| 260 ## - PUBLICATION, DISTRIBUTION, ETC. | |
| Place of publication, distribution, etc. | Bogotá : |
| Name of publisher, distributor, etc. | Colegio de estudios superiores de Administración |
| Date of publication, distribution, etc. | 2012 |
| 300 ## - PHYSICAL DESCRIPTION | |
| Extent | 331 páginas |
| Other physical details | ilustraciones a blanco y negro ; |
| Dimensions | 23 cm. |
| 505 0# - FORMATTED CONTENTS NOTE | |
| Formatted contents note | Organización de la producción -- Formación de la renta nacional -- Distribución de la capacidad productora -- Los mercados del poder de compra Comercio exterior -- Los impuestos -- Elementos de desarrollo económico -- Problemas de la intervención estatal -- Desarrollo industrial |
| 521 ## - TARGET AUDIENCE NOTE | |
| Target audience note | General. |
| 650 04 - SUBJECT ADDED ENTRY--TOPICAL TERM | |
| Topical term or geographic name entry element | Desarrollo econm̤ico |
| 9 (RLIN) | 12956 |
| 650 14 - SUBJECT ADDED ENTRY--TOPICAL TERM | |
| Topical term or geographic name entry element | Economía marxista |
| 9 (RLIN) | 13702 |
| 650 24 - SUBJECT ADDED ENTRY--TOPICAL TERM | |
| Topical term or geographic name entry element | Economía |
| 9 (RLIN) | 174 |
| 650 24 - SUBJECT ADDED ENTRY--TOPICAL TERM | |
| Topical term or geographic name entry element | Empleos |
| 9 (RLIN) | 14090 |
| 650 24 - SUBJECT ADDED ENTRY--TOPICAL TERM | |
| Topical term or geographic name entry element | Empresas privadas |
| 9 (RLIN) | 14135 |
| 650 24 - SUBJECT ADDED ENTRY--TOPICAL TERM | |
| Topical term or geographic name entry element | Empresas privadas |
| Geographic subdivision | Colombia |
| 9 (RLIN) | 14135 |
| 650 24 - SUBJECT ADDED ENTRY--TOPICAL TERM | |
| Topical term or geographic name entry element | Impuestos |
| 9 (RLIN) | 17233 |
| 650 24 - SUBJECT ADDED ENTRY--TOPICAL TERM | |
| Topical term or geographic name entry element | Impuestos |
| Geographic subdivision | Colombia |
| 9 (RLIN) | 17233 |
| 650 24 - SUBJECT ADDED ENTRY--TOPICAL TERM | |
| Topical term or geographic name entry element | Intervencin̤ del estado |
| Geographic subdivision | Colombia |
| 9 (RLIN) | 17913 |
| 650 24 - SUBJECT ADDED ENTRY--TOPICAL TERM | |
| Topical term or geographic name entry element | Macroeconoma̕ |
| 9 (RLIN) | 18838 |
| 650 24 - SUBJECT ADDED ENTRY--TOPICAL TERM | |
| Topical term or geographic name entry element | Mercadeo |
| 9 (RLIN) | 19305 |
| 650 24 - SUBJECT ADDED ENTRY--TOPICAL TERM | |
| Topical term or geographic name entry element | Microeconomía |
| 9 (RLIN) | 19488 |
| 650 24 - SUBJECT ADDED ENTRY--TOPICAL TERM | |
| Topical term or geographic name entry element | Producción |
| 9 (RLIN) | 22424 |
| 650 24 - SUBJECT ADDED ENTRY--TOPICAL TERM | |
| Topical term or geographic name entry element | Recursos humanos |
| 9 (RLIN) | 23217 |
| 650 24 - SUBJECT ADDED ENTRY--TOPICAL TERM | |
| Topical term or geographic name entry element | Recursos humanos |
| Geographic subdivision | Colombia |
| 9 (RLIN) | 23217 |
| 650 24 - SUBJECT ADDED ENTRY--TOPICAL TERM | |
| Topical term or geographic name entry element | Sistemas económicos |
| 9 (RLIN) | 24652 |
| 942 ## - ADDED ENTRY ELEMENTS (KOHA) | |
| Koha item type | Books |
| Source of classification or shelving scheme | Dewey Decimal Classification |
| Withdrawn status | Lost status | Source of classification or shelving scheme | Damaged status | Not for loan | Home library | Current library | Shelving location | Date acquired | Coded location qualifier | Total Checkouts | Total Renewals | Full call number | Barcode | Date last seen | Date last checked out | Copy number | Price effective from | Koha item type |
|---|---|---|---|---|---|---|---|---|---|---|---|---|---|---|---|---|---|---|
| Dewey Decimal Classification | Biblioteca Pública José María del Castillo y Rada | Biblioteca Pública José María del Castillo y Rada | General Stacks | 04/15/2018 | $0. | 2 | 1 | 330.9861 / E182s | 201809917 | 03/09/2026 | 02/18/2026 | Ej.1 | 07/03/2020 | Books |